Epistemología y ciencias sociales /
Guardado en:
| Autor Principal: | |
|---|---|
| Formato: | Libro |
| Publicado: |
Madrid :
Cátedra,
2001
|
| Series: | Frónesis / Pedro Ruiz Torres, Sergio Sevilla y Jenaro Talens
|
| Materias: | |
| Etiquetas: |
Agregar Etiqueta
Sin Etiquetas, Sea el primero en etiquetar este registro!
|
| LEADER | 00689nam a22002295a 4500 | ||
|---|---|---|---|
| 001 | CEM.cems013845 | ||
| 008 | 130507s2001##################000#0#####d | ||
| 005 | 20210705085353.0 | ||
| 003 | CEMS | ||
| 245 | 1 | 0 | |a Epistemología y ciencias sociales / |c Theodor W. Adorno |
| 260 | |a Madrid : |b Cátedra, |c 2001 | ||
| 300 | |a 128 p. | ||
| 490 | 0 | |a Frónesis / Pedro Ruiz Torres, Sergio Sevilla y Jenaro Talens | |
| 500 | |a Traducción de Vicente Gómez. | ||
| 590 | |a 1021.013 | ||
| 020 | |a 843761922X | ||
| 100 | 1 | |a Adorno, Theodor W. | |
| 653 | |a Filosofía | ||
| 653 | |a Epistemología | ||
| 653 | |a Ciencias sociales | ||
| 653 | |a Biblioteca TC | ||
| 859 | |a CEMS |b BIB. CEMS - 11 de abril |h TC |p 1021.013 |t Ej.1 | ||
